Statistiques concernant Culture Générale : Mythologie Grecque

Cliquez ici pour prendre le quiz!

Statistiques générales

  • Ce quiz a été pris 340 fois
  • Le résultat moyen est 20 sur 25

Statistiques - réponses

HintRéponse% Correct
Roi des Dieux,Dieu du TonnerreZeus
98%
Chien à trois têtes gardant l'entrée des EnfersCerbère
97%
Dieu des Mers et OcéansPoséidon
97%
Déesse de la Guerre Stratégique et de la SagesseAthéna
96%
Dieu de la Fête et du VinDionysos
96%
Créatures qui tentèrent d'envoûter Ulysse par leur chantSirènes
94%
Déesse de la Chasse et de la ForêtArtémis
92%
Messager des DieuxHermès
92%
Monstre marin,espèce de calamar géantKraken
89%
Déesse de la TerreGaïa
86%
Déesse de la Vengeance et du Mariage,Reine des DieuxHéra
84%
Dieu de la Lumière et des ArtsApollon
83%
Dieu du Sommeil,Frère jumeau de ThanatosHypnos
82%
Dieu de l'amourÉros
80%
Nymphe ayant retenu Ulysse pendant 10 ans sur l'Île d'OgygieCalypso
77%
Passeur des âmes et Gardien du fleuve StyxCharon
77%
Déesse du Foyer FamilialHestia
77%
Déesse du Printemps,fille de DéméterPerséphone
73%
Dieu du Vent d'OuestZéphyr
73%
Les Trois Gorgones : Euryale,Sthéno et...Méduse
72%
Titanide de la MémoireMnémosyne
63%
Déesse de la MagieHécate
55%
Déesse de la DiscordeÉris
54%
Titan de l'AstronomieJapet
50%
Les Trois Érynies : Alecto,Tisiphone et...Mégère
34%

Distribution des résultats

Percentile par nombre de réponses

% des personnes avec chaque résultat

Votre développement - résultats

Vous n’avez pas pris ce quiz